|
|
|
|
| LEADER |
00000naa2a2200000 4500 |
| 001 |
607163 |
| 005 |
20260320164044.0 |
| 035 |
|
|
|a (RuTPU)RU\TPU\conf\4544
|
| 035 |
|
|
|a RU\TPU\conf\4539
|
| 090 |
|
|
|a 607163
|
| 100 |
|
|
|a 20140702d2014 k y0rusy50 ca
|
| 101 |
0 |
|
|a rus
|
| 102 |
|
|
|a RU
|
| 135 |
|
|
|a drcn ---uucaa
|
| 181 |
|
0 |
|a i
|
| 182 |
|
0 |
|a b
|
| 200 |
1 |
|
|a Оценка работоспособности твердосплавного инструмента при его силовом и температурном нагружении
|f Р. Ю. Некрасов, А. А. Стариков, М. А. Корчуганов
|
| 203 |
|
|
|a Текст
|c электронный
|
| 215 |
|
|
|a 1 файл (687 Кб)
|
| 225 |
1 |
|
|a Инновационные технологии получения и обработки материалов в машиностроении
|
| 300 |
|
|
|a Заглавие с титульного листа.
|
| 320 |
|
|
|a [Библиогр.: с. 377 (9 назв.)]
|
| 337 |
|
|
|a Adobe Reader
|
| 461 |
|
1 |
|0 (RuTPU)RU\TPU\conf\4003
|t Инновационные технологии и экономика в машиностроении
|o сборник трудов V Международной научно-практической конференции, г. Юрга, 22-23 мая 2014 г.
|o в 2 т.
|f Национальный исследовательский Томский политехнический университет (ТПУ), Юргинский технологический институт (ЮТИ) ; под ред. Д. А. Чинахова
|d 2014
|
| 463 |
|
1 |
|0 (RuTPU)RU\TPU\conf\4012
|t Т. 1
|v [С. 374-377]
|d 2014
|
| 610 |
1 |
|
|a труды учёных ТПУ
|
| 610 |
1 |
|
|a электронный ресурс
|
| 610 |
1 |
|
|a работоспособность
|
| 610 |
1 |
|
|a твердосплавные инструменты
|
| 610 |
1 |
|
|a силовое нагружение
|
| 610 |
1 |
|
|a температурное нагружение
|
| 610 |
1 |
|
|a режущие инструменты
|
| 700 |
|
1 |
|a Некрасов
|b Р. Ю.
|
| 701 |
|
1 |
|a Стариков
|b А. А.
|
| 701 |
|
1 |
|a Корчуганов
|b М. А.
|c специалист в области машиностроения
|c учебный мастер Юргинский технологический института (филиал) Томского политехнического университета
|f 1985-
|g Максим Анатольевич
|3 (RuTPU)RU\TPU\pers\30608
|9 14889
|
| 712 |
0 |
2 |
|a Национальный исследовательский Томский политехнический университет (ТПУ)
|b Юргинский технологический институт (филиал) (ЮТИ)
|b Кафедра технологии машиностроения (ТМС)
|3 (RuTPU)RU\TPU\col\18902
|
| 801 |
|
2 |
|a RU
|b 63413507
|c 20140702
|g RCR
|
| 856 |
4 |
|
|u http://www.lib.tpu.ru/fulltext/c/2014/C30/V1/093.pdf
|
| 942 |
|
|
|c CF
|